Environment & consumer: global quest for sustainadle consumption (Record no. 502305)

000 -LEADER
fixed length control field 00458cam a22001457a 4500
008 - FIXED-LENGTH DATA ELEMENTS--GENERAL INFORMATION
fixed length control field 180718b2005 xxu||||| |||| 00| 0 eng d
082 ## - DEWEY DECIMAL CLASSIFICATION NUMBER
Classification number T15x54 B223e
100 ## - MAIN ENTRY--PERSONAL NAME
Personal name BanerJi, Pranab
245 ## - TITLE STATEMENT
Title Environment & consumer: global quest for sustainadle consumption
Statement of responsibility, etc. by Pranab BanerJi
260 ## - PUBLICATION, DISTRIBUTION, ETC.
Place of publication, distribution, etc. New Delhi
Name of publisher, distributor, etc. Indian Institute of Public Administration
Date of publication, distribution, etc. 2005
300 ## - PHYSICAL DESCRIPTION
Extent 30p.
650 ## - SUBJECT ADDED ENTRY--TOPICAL TERM
Topical term or geographic name entry element Environment
650 ## - SUBJECT ADDED ENTRY--TOPICAL TERM
Topical term or geographic name entry element Consumer protection
650 ## - SUBJECT ADDED ENTRY--TOPICAL TERM
Topical term or geographic name entry element Consumption
Holdings
Withdrawn status Lost status Damaged status Not for loan Permanent Location Current Location Date acquired Full call number Barcode Date last seen Price effective from Koha item type
        Indian Institute of Public Administration Indian Institute of Public Administration 2018-08-04 T15x54 B223e GR18112 2018-08-04 2018-08-04 GR

Powered by Koha